000 01754nam a22004577a 4500
003 CHAP
005 20250515062729.0
008 080930s2008 mx r 00010 spa d
010 _a95189
011 _a96161
035 _a106807
040 _cCHAP
090 _aTesis
100 1 _aBornios Bernal, Francisco Javier
_913905
245 1 0 _aCaracterísticas edáficas, rendimiento y costos de producción de maíz y frijol en tres sistemas de labranza
_c/por Francisco Javier Bornios Bernal
260 _aChapingo, Méx. :
_bEl autor,
_c2008
300 _axix, 161 h. :
_bilus., gráfs., cuadros
502 _aTesis (Ing. Agr. Esp. en Fitotecnia) -- UACH. Departamento de Fitotecnia
530 _aTambién disponible en línea
590 _aALEPH
_b10
_c20130110
_lUCH01
_h1524
590 _aBATCH-UPD
_b10
_c20130110
_lUCH01
_h0704
590 _aBATCH-UPD
_b10
_c20130410
_lUCH01
_h0349
590 _aBATCH-UPD
_b10
_c20130914
_lUCH01
_h0659
590 _aBATCH-UPD
_b10
_c20140324
_lUCH01
_h1507
590 _aBATCH-UPD
_b10
_c20141002
_lUCH01
_h0837
590 _aBATCH
_b00
_c20181121
_lUCH01
_h0759
590 _aCONVERSION
_b10
_c20130109
_lUCH01
_h1353
650 1 4 _aFrijol
_xCostos de producción.
_943355
650 1 4 _aFrijol
_xRendimiento.
_943429
650 1 4 _aLabranza cero.
_964307
650 1 7 _aMaíz
_xCostos de producción
_2
_970915
650 1 4 _aMaíz
_xRendimiento.
_971051
650 1 4 _aSuelos
_xFertilidad.
_9110367
856 _3Finding aid
_uhttp://10.13.5.2/tesis/106807.pdf
_zTeclea aqui
856 _a1
_n0001012
901 _aBK
905 _aluisgm
942 _cFOLL
949 _aTesis
_bBC
_cTES
_d33724002071941
_eTS2
_fc.2
_gDonaciØn
_h48180
_i106807
_si
949 _aTesis
_bBC
_cTES
_d33724002071983
_eTS1
_gDonaciØn
_h48179
_i106807
_sb
999 _c95189
_d95189